Maďarsko-slovenský a slovensko-maďarský vreckový slovník

Salvato in:
Dettagli Bibliografici
Natura: Libro
Lingua:slovacco
ungherese
Pubblicazione: Bratislava Slov. ped. nakl. 1987
Edizione:2. vyd.
Tags: Aggiungi Tag
Nessun Tag, puoi essere il primo ad aggiungerne!!

MARC

LEADER 00000nam a2200000 4500
001 c035468
005 20260108073512.9
041 0 |a slo 
041 0 |a hun 
044 |a SK 
245 1 0 |a Maďarsko-slovenský a slovensko-maďarský vreckový slovník  |c František Sima, Edita Chrenková, Mária Kazimírová 
250 |a 2. vyd. 
264 1 |a Bratislava  |b Slov. ped. nakl.  |c 1987 
300 |a 999 s.